000 04787nam a2200769 4500
005 20260417170943.0
008 260417b |||||||| |||| 00| 0 eng d
020 _a9789349531772 (खण्ड 1) (pbk)
020 _a9789349531147 (खण्ड 2) (pbk)
020 _a9789349531215 (खण्ड 3) (pbk)
020 _a9789349531062 (खण्ड 4) (pbk)
020 _a9789349531284 (खण्ड 5) (pbk)
020 _a9789349531864 (खण्ड 6) (pbk)
020 _a9789349531789 (खण्ड 7) (pbk)
020 _a9789349531529 (खण्ड 8) (pbk)
020 _a9789349531093 (खण्ड 9) (pbk)
020 _a9789349531369 (खण्ड 10) (pbk)
020 _a9789349531260 (खण्ड 11) (pbk)
020 _a9789349531888 (खण्ड 12) (pbk)
020 _a9789349531802 (खण्ड 13) (pbk)
020 _a9789349531451 (खण्ड 14) (pbk)
020 _a9789349531871 (खण्ड 15) (pbk)
020 _a9789349531321 (खण्ड 16) (pbk)
020 _a9789349531109 (खण्ड 17) (pbk)
020 _a9789349531031 (खण्ड 18) (pbk)
020 _a9789349531727 (खण्ड 19) (pbk)
020 _a9789349531024 (खण्ड 20) (pbk)
020 _a9789349531581 (खण्ड 21) (pbk)
037 _cREF
040 _aCRL
_cCRL
041 _2hin
_ahin
084 _az44 152R5.1-.21 (RR)
_qCRL
245 _aसनातन ज्ञान:
_bयुवा उत्थान
260 _aनई दिल्ली, भारत:
_bकिताबवाले,
_c2025.
300 _aखण्ड 1(1-83पृ.), खण्ड 2(1-116पृ.), खण्ड 3(1-62पृ.), खण्ड 4(1-70पृ.), खण्ड 5(1-76पृ.), खण्ड 6(1-64पृ.), खण्ड 7(1-92पृ.), खण्ड 8(1-70पृ.), खण्ड 9(1-84पृ.), खण्ड 10(1-76पृ.), खण्ड 11(1-83पृ.), खण्ड 12(1-67पृ.), खण्ड 13(1-55पृ.), खण्ड 14(1-80पृ.), खण्ड 15(1-86पृ.), खण्ड 16(1-68पृ.), खण्ड 17(1-80पृ.), खण्ड 18(1-80पृ.), खण्ड 19(1-72पृ.), खण्ड 20(1-76पृ.), खण्ड 21(1-63पृ.),
365 _aखण्ड 1 - 250.00
_cINR
365 _aखण्ड 2 - 350.00
_cINR
365 _aखण्ड 3 - 190.00
_bINR
365 _aखण्ड 4 - 210.00
_bINR
365 _aखण्ड 5 - 230.00
_cINR
365 _bखण्ड 6 - 190.00
_cINR
365 _bखण्ड 7 - 280.00
_cINR
365 _bखण्ड 8 - 220.00
_cINR
365 _bखण्ड 9 - 250.00
_cINR
365 _bखण्ड 10 - 230.00
_cINR
365 _bखण्ड 11 - 250.00
_cINR
365 _bखण्ड 12 - 200.00
_cINR
365 _bखण्ड 13 - 170.00
_cINR
365 _bखण्ड 14 - 240.00
_cINR
365 _bखण्ड 15 - 260.00
_cINR
365 _bखण्ड 16 - 200.00
_cINR
365 _bखण्ड 17 - 240.00
_cINR
365 _bखण्ड 18 - 240.00
_cINR
365 _bखण्ड 19 - 210.00
_cINR
365 _bखण्ड 20 - 230.00
_cINR
365 _aखण्ड 21 - 190.00
_bINR
440 _v(खण्ड 1 -21)
700 _aशर्मा, राज किशोर (खण्ड 1-21)
_eसम्पादक
_91235069
700 _aसिंघल, शोभिता (खण्ड 1, 10, 11, 19, 21
_eसम्पादक
_91235070
700 _aकुमार, जितेन्द्र (खण्ड 2, 6, 8, 12, 15, 20,
_eसम्पादक
_91235071
700 _aकुमार, दीपक (खण्ड 3, 9, 13, 14, 16,
_eसम्पादक
_91235072
700 _aशर्मा, मीनाक्षी (खण्ड 4, 5, 7, 17, 18,
_eसम्पादक
_91235073
710 _aविद्या भारती उच्च शिक्षा संस्थान
_91235074
942 _2CC
_n0
_cREF
_hz44 152R5.1-.21 (RR)
999 _c1848311
_d1848311